Normal view
MARC view
- Supervised by W/C (R) Akhlaq
Entry Personal Name
001 - CONTROL NUMBER
- control field: 131768
003 - CONTROL NUMBER IDENTIFIER
- control field: NUST
005 - DATE AND TIME OF LATEST TRANSACTION
- control field: 20251110185242.0
008 - FIXED-LENGTH DATA ELEMENTS
- fixed length control field: 251110|| aca||aabn | a|a d
040 ## - CATALOGING SOURCE
- Original cataloging agency: NUST
- Transcribing agency: NUST
100 ## - HEADING--PERSONAL NAME
- Personal name: Supervised by W/C (R) Akhlaq
670 ## - SOURCE DATA FOUND
- Source citation: Work cat.: (NUST)182153: CSUO Sajjad ( TCC-5) 131767, Study, design and establishment of a fiber optic link for analog and digital communication /, 1997
